00357nam a2200133Ia 4500008004100000041000800041082001500049100002200064245004500086250001400131260003900145300003200184365000700216240624s9999 xx 000 0 und d aeng a658.83 MAL aMALHOTRA NARESH K aMARKETING RESEARCH AN APPLIED ORIENTATIO a(4th ed.) c2004aNew DelhibPearson Education axxix, : 713 : p. : cm. ; 27 cRS